Countries with the letter Z - Statistics

General Stats
  • This quiz has been taken 43 times
  • The average score is 12 of 15
Answer Stats
Answer % Correct
Zambia
100%
Zimbabwe
100%
Azerbaijan
94%
Kazakhstan
85%
Kyrgyzstan
85%
Mozambique
85%
Switzerland
79%
Uzbekistan
76%
Brazil
73%
Belize
70%
Czech Republic
70%
New Zealand
67%
Bosnia and Herzegovina
64%
Tanzania
64%
Venezuela
61%
No matching quizzes found
Score Distribution
Percent of People with Each Score
Percentile by Number Answered
Your Score History
You have not taken this quiz